[Event "City of Dublin Masters 2013"]
[Site "Dublin IRL"]
[Date "2013.09.13"]
[Round "1"]
[White "Boyle, Bernard"]
[Black "O'Donnell, Conor"]
[Result "0-1"]
[WhiteElo "1909"]
[BlackElo "2119"]
[WhiteICU "1795"]
[BlackICU "2123"]
[WhiteClub "Elm Mount"]
[BlackClub "Gonzaga"]
[WhiteNationality "IRL"]
[BlackNationality "IRL"]
[WhiteFideId "2501830"]
[BlackFideId "2504243"]
[WhiteICUId "3172"]
[BlackICUId "10792"]
[PlyCount "92"]
[EventDate "2013.09.13"]
[Source "ICU web site"]
[URL "http://www.irlchess.com/cityofdublin2013_allfiles/games_cityofdublin2013/g7.htm"]

{ Event information: <a
href="http://www.irlchess.com/cityofdublin2013_allfiles/pairings_cityofdublin2013.html">Tournament
report</a>. }

1. d4 f5 2. Bf4 Nf6 3. e3 e6 4. Nf3 Be7 5. h3 O-O 6. Nbd2 b6 7. Bd3 Bb7 8.
Qe2 Ne4 9. Rg1 c5 10. g4 Nxd2 11. Kxd2 fxg4 12. Rxg4 cxd4 13. Rag1 Bf6 14.
Bxh7+ Kxh7 15. Ng5+ Kg8 16. Qd3 Bxg5 17. Rxg5 Rf7 18. Rh5 Rf5 19. Rxf5 exf5
20. Qxd4 Qf8 21. Bh6 Nc6 22. Rxg7+ Kh8 23. Qc3 Qb4 24. Rxd7+ Qxc3+ 25. Kxc3
Rc8 26. Kd2 Rd8 27. Rxd8+ Nxd8 28. c4 Ne6 29. h4 Kg8 30. Kc3 Kf7 31. Bg5
Bf3 32. b4 Nxg5 33. hxg5 Kg6 34. a4 Kxg5 35. Kd4 Kg4 36. a5 Bb7 37. Ke5
bxa5 38. bxa5 Bc8 39. f4 Kf3 40. c5 Kxe3 41. c6 Kf3 42. Kd6 Kxf4 43. Kc7
Be6 44. Kb8 Ke5 45. Kxa7 Kd6 46. Kb6 Bc8 0-1

[Event "City of Dublin Masters 2013"]
[Site "Dublin IRL"]
[Date "2013.09.13"]
[Round "1"]
[White "Collins, Sam"]
[Black "Harding, Tim"]
[Result "1-0"]
[WhiteTitle "IM"]
[WhiteElo "2475"]
[BlackElo "2118"]
[WhiteICU "2430"]
[BlackICU "1970"]
[WhiteClub "Gonzaga"]
[BlackClub "T.C.D."]
[WhiteNationality "IRL"]
[BlackNationality "IRL"]
[WhiteFideId "2501198"]
[BlackFideId "2500256"]
[WhiteICUId "4564"]
[BlackICUId "541"]
[PlyCount "71"]
[EventDate "2013.09.13"]
[Source "ICU web site"]
[URL "http://www.irlchess.com/cityofdublin2013_allfiles/games_cityofdublin2013/g0.htm"]

{ Event information: <a
href="http://www.irlchess.com/cityofdublin2013_allfiles/pairings_cityofdublin2013.html">Tournament
report</a>. }

1. d4 d5 2. c4 e6 3. Nc3 c5 4. e3 Nf6 5. Nf3 Nc6 6. a3 Ne4 7. Bd3 Qa5 8.
O-O Nxc3 9. bxc3 dxc4 10. Bxc4 Qxc3 11. Qe2 Qxa1 12. Bb2 Qxf1+ 13. Kxf1 Be7
14. dxc5 O-O 15. Qc2 Bd7 16. h4 h6 17. g4 Bf6 18. g5 Bxb2 19. Qxb2 hxg5 20.
Nxg5 b6 21. Qc2 g6 22. Bxe6 Bxe6 23. Nxe6 Rfc8 24. Ng5 Ne5 25. Qe4 Re8 26.
h5 bxc5 27. hxg6 Nxg6 28. Qh1 Kf8 29. Qh7 Re7 30. f4 Rb8 31. f5 Rb1+ 32.
Kf2 Rb2+ 33. Kf3 Ne5+ 34. Kg3 Ke8 35. f6 Reb7 36. Qe4 1-0

[Event "City of Dublin Masters 2013"]
[Site "Dublin IRL"]
[Date "2013.09.13"]
[Round "1"]
[White "Firstov, Juri"]
[Black "Fox, Anthony"]
[Result "1-0"]
[WhiteElo "2277"]
[BlackElo "2096"]
[WhiteICU "2259"]
[BlackICU "2027"]
[WhiteClub "Phibsboro"]
[BlackClub "Dun Laoghaire"]
[WhiteNationality "EST"]
[BlackNationality "IRL"]
[WhiteFideId "4501233"]
[BlackFideId "2500736"]
[WhiteICUId "9603"]
[BlackICUId "456"]
[PlyCount "69"]
[EventDate "2013.09.13"]
[Source "ICU web site"]
[URL "http://www.irlchess.com/cityofdublin2013_allfiles/games_cityofdublin2013/g2.htm"]

{ Event information: <a
href="http://www.irlchess.com/cityofdublin2013_allfiles/pairings_cityofdublin2013.html">Tournament
report</a>. }

1. d4 d5 2. Nf3 Nf6 3. g3 e6 4. Bg2 Be7 5. O-O O-O 6. b3 b6 7. Bf4 Bb7 8.
c4 Nbd7 9. Nc3 Rc8 10. Rc1 c6 11. cxd5 exd5 12. Qd3 Re8 13. Bh3 Ra8 14.
Rfd1 Nf8 15. Nb5 Ne6 16. Bxe6 fxe6 17. Nc7 Ba3 18. Rc2 Rc8 19. Nxe8 Qxe8
20. Ng5 h6 21. Nf3 c5 22. Bc1 Bb4 23. Bb2 b5 24. dxc5 Rxc5 25. Rdc1 Rxc2
26. Rxc2 Bd6 27. Bxf6 gxf6 28. Qe3 e5 29. Qxh6 Qf7 30. Ng5 Qg7 31. Qxg7+
Kxg7 32. Ne6+ Kg6 33. Nd8 Ba6 34. Rc6 Be7 35. Ne6 1-0

[Event "City of Dublin Masters 2013"]
[Site "Dublin IRL"]
[Date "2013.09.13"]
[Round "1"]
[White "Freeman, Gordon"]
[Black "Delaney, John"]
[Result "0-1"]
[BlackTitle "FM"]
[WhiteElo "2045"]
[BlackElo "2248"]
[WhiteICU "2023"]
[BlackICU "2201"]
[WhiteClub "Gonzaga"]
[BlackClub "Blanchardstown Jrs."]
[WhiteNationality "IRL"]
[BlackNationality "IRL"]
[WhiteFideId "2501309"]
[BlackFideId "2500060"]
[WhiteICUId "4153"]
[BlackICUId "318"]
[PlyCount "68"]
[EventDate "2013.09.13"]
[Source "ICU web site"]
[URL "http://www.irlchess.com/cityofdublin2013_allfiles/games_cityofdublin2013/g3.htm"]

{ Event information: <a
href="http://www.irlchess.com/cityofdublin2013_allfiles/pairings_cityofdublin2013.html">Tournament
report</a>. }

1. Nf3 e6 2. c4 d5 3. b3 c5 4. cxd5 exd5 5. e3 Nc6 6. Bb5 Nf6 7. Ne5 Qc7 8.
Bb2 Bd6 9. f4 O-O 10. Bxc6 bxc6 11. O-O a5 12. Nc3 Ba6 13. Ne2 Rab8 14. Rf3
Nd7 15. Nxd7 Qxd7 16. Ng3 Bd3 17. Nh5 f6 18. Qe1 Be4 19. Rh3 Bf5 20. Rh4 a4
21. g4 Bg6 22. f5 Bxh5 23. Rxh5 axb3 24. Qh4 h6 25. axb3 d4 26. Qe1 Rxb3
27. Qc1 Rfb8 28. Ra2 Be5 29. e4 Qf7 30. Kg2 R3b5 31. Qa1 Qc4 32. Kf2 Qd3
33. Qc1 c4 34. g5 c3 0-1

[Event "City of Dublin Masters 2013"]
[Site "Dublin IRL"]
[Date "2013.09.13"]
[Round "1"]
[White "Hayes, Peter J."]
[Black "Delaney, Killian"]
[Result "0-1"]
[WhiteElo "2022"]
[BlackElo "2117"]
[WhiteICU "1932"]
[BlackICU "2070"]
[WhiteClub "Gonzaga"]
[BlackClub "Rathmines"]
[WhiteNationality "IRL"]
[BlackNationality "IRL"]
[WhiteFideId "2502569"]
[BlackFideId "2501570"]
[WhiteICUId "4540"]
[BlackICUId "5104"]
[PlyCount "44"]
[EventDate "2013.09.13"]
[Source "ICU web site"]
[URL "http://www.irlchess.com/cityofdublin2013_allfiles/games_cityofdublin2013/g5.htm"]

{ Event information: <a
href="http://www.irlchess.com/cityofdublin2013_allfiles/pairings_cityofdublin2013.html">Tournament
report</a>. }

1. d4 d6 2. c4 e5 3. Nf3 e4 4. Nfd2 f5 5. Nc3 Nf6 6. e3 c5 7. Nb3 Nc6 8.
Be2 Be7 9. Nd5 O-O 10. Bd2 a5 11. Nxe7+ Qxe7 12. d5 Ne5 13. Nxa5 f4 14.
exf4 Nf3+ 15. Kf1 Nxd2+ 16. Qxd2 e3 17. fxe3 Ne4 18. Qe1 g5 19. g3 gxf4 20.
exf4 Rxf4+ 21. Kg2 Rf2+ 22. Kg1 Bh3 0-1

[Event "City of Dublin Masters 2013"]
[Site "Dublin IRL"]
[Date "2013.09.13"]
[Round "1"]
[White "Smith, Andrew Philip"]
[Black "Fitzsimons, David"]
[Result "1/2-1/2"]
[WhiteTitle "FM"]
[BlackTitle "FM"]
[WhiteElo "2111"]
[BlackElo "2341"]
[BlackICU "2312"]
[WhiteClub "Bourne End ENG"]
[BlackClub "Elm Mount"]
[WhiteNationality "IRL"]
[BlackNationality "IRL"]
[WhiteFideId "2500833"]
[BlackFideId "2501961"]
[BlackICUId "6236"]
[PlyCount "115"]
[EventDate "2013.09.13"]
[Source "ICU web site"]
[URL "http://www.irlchess.com/cityofdublin2013_allfiles/games_cityofdublin2013/g1.htm"]

{ Event information: <a
href="http://www.irlchess.com/cityofdublin2013_allfiles/pairings_cityofdublin2013.html">Tournament
report</a>. }

1. e4 e5 2. d4 exd4 3. Qxd4 Nc6 4. Qe3 Nf6 5. Nc3 Bb4 6. Bd2 O-O 7. O-O-O
Re8 8. Bc4 d6 9. Nf3 Be6 10. Bxe6 Rxe6 11. Ng5 Re8 12. f3 h6 13. h4 d5 14.
Qf4 Nd4 15. Rde1 dxe4 16. fxe4 Ne6 17. Qf3 Bxc3 18. Qxc3 hxg5 19. hxg5 Nh7
20. Rh5 Qd6 21. Reh1 Nef8 22. Qh3 Rad8 23. Be3 Qg6 24. Bc5 f6 25. Qb3+ Qf7
26. g6 Nxg6 27. Rxh7 Qxb3 28. axb3 Rxe4 29. R7h2 b6 30. Bf2 Re2 31. Be1 Kf7
32. g3 Rxh2 33. Rxh2 Re8 34. Bd2 Ne5 35. Rf2 Rh8 36. Bf4 Ng4 37. Rf1 c5 38.
Rd1 Ke6 39. Rd6+ Ke7 40. Rc6 Rd8 41. b4 cxb4 42. Rc4 Nf2 43. b3 g5 44. Bd2
a5 45. Be3 b5 46. Rc7+ Kd6 47. Rb7 Ne4 48. Rxb5 Rh8 49. Rxa5 Rh1+ 50. Kb2
Re1 51. Bd4 Rd1 52. Ra6+ Ke7 53. Be3 Kf7 54. Rb6 Re1 55. Bd4 f5 56. Rxb4
Ke6 57. Rb5 Rd1 58. Be3 1/2-1/2

[Event "City of Dublin Masters 2013"]
[Site "Dublin IRL"]
[Date "2013.09.13"]
[Round "1"]
[White "Walsh, Paul"]
[Black "Annesley, Gareth"]
[Result "1-0"]
[WhiteElo "2127"]
[BlackElo "1925"]
[WhiteICU "2044"]
[WhiteClub "Sarsfield"]
[BlackClub "Mallusk"]
[WhiteNationality "IRL"]
[BlackNationality "IRL"]
[WhiteFideId "2501260"]
[BlackFideId "2505762"]
[WhiteICUId "3820"]
[BlackICUId "19"]
[PlyCount "87"]
[EventDate "2013.09.13"]
[Source "ICU web site"]
[URL "http://www.irlchess.com/cityofdublin2013_allfiles/games_cityofdublin2013/g6.htm"]

{ Event information: <a
href="http://www.irlchess.com/cityofdublin2013_allfiles/pairings_cityofdublin2013.html">Tournament
report</a>. }

1. e4 c5 2. Nf3 Nc6 3. d4 cxd4 4. Nxd4 Nf6 5. Nc3 e5 6. Ndb5 d6 7. Bg5 a6
8. Na3 b5 9. Nd5 Be7 10. Bxf6 Bxf6 11. c3 Bg5 12. Nc2 O-O 13. Be2 f5 14.
Bf3 Rb8 15. O-O Ne7 16. Ncb4 Nxd5 17. Qxd5+ Kh8 18. exf5 Bb7 19. Qd3 Qb6
20. Bxb7 Rxb7 21. Rad1 Rd7 22. Qe4 a5 23. Nd5 Qc5 24. Rd3 Rdf7 25. Ne3 b4
26. Qd5 Be7 27. Qxc5 dxc5 28. Rd7 Bd8 29. Rfd1 Bb6 30. Nc4 Bc7 31. f3 Kg8
32. Kf2 Rc8 33. Rxf7 Kxf7 34. Ke3 Kf6 35. Ke4 a4 36. a3 bxa3 37. bxa3 Rb8
38. Rd7 Rc8 39. h4 g6 40. fxg6 hxg6 41. Kd5 Bb8 42. Nd2 Rf8 43. g4 g5 44.
h5 1-0

[Event "City of Dublin Masters 2013"]
[Site "Dublin IRL"]
[Date "2013.09.14"]
[Round "2"]
[White "Delaney, Killian"]
[Black "Firstov, Juri"]
[Result "0-1"]
[WhiteElo "2117"]
[BlackElo "2277"]
[WhiteICU "2070"]
[BlackICU "2259"]
[WhiteClub "Rathmines"]
[BlackClub "Phibsboro"]
[WhiteNationality "IRL"]
[BlackNationality "EST"]
[WhiteFideId "2501570"]
[BlackFideId "4501233"]
[WhiteICUId "5104"]
[BlackICUId "9603"]
[PlyCount "50"]
[EventDate "2013.09.13"]
[Source "ICU web site"]
[URL "http://www.irlchess.com/cityofdublin2013_allfiles/games_cityofdublin2013/g13.htm"]

{ Event information: <a
href="http://www.irlchess.com/cityofdublin2013_allfiles/pairings_cityofdublin2013.html">Tournament
report</a>. }

1. e4 c5 2. c3 g6 3. d4 cxd4 4. cxd4 d5 5. Nc3 dxe4 6. Bc4 Nc6 7. Qb3 e6 8.
d5 Nd4 9. Qd1 Bg7 10. Be3 Nf5 11. Bb5+ Bd7 12. dxe6 Bxc3+ 13. bxc3 Bxb5 14.
exf7+ Kf8 15. fxg8=Q+ Rxg8 16. Bc5+ Kg7 17. Ne2 Bd3 18. Nd4 Qd5 19. Qb3 Bc4
20. Nxf5+ gxf5 21. Bd4+ Kf7 22. Qd1 f4 23. Qd2 e3 24. Qc2 exf2+ 25. Kd2
f1=N+ 0-1

[Event "City of Dublin Masters 2013"]
[Site "Dublin IRL"]
[Date "2013.09.14"]
[Round "2"]
[White "Annesley, Gareth"]
[Black "Freeman, Gordon"]
[Result "0-1"]
[WhiteElo "1925"]
[BlackElo "2045"]
[BlackICU "2023"]
[WhiteClub "Mallusk"]
[BlackClub "Gonzaga"]
[WhiteNationality "IRL"]
[BlackNationality "IRL"]
[WhiteFideId "2505762"]
[BlackFideId "2501309"]
[WhiteICUId "19"]
[BlackICUId "4153"]
[PlyCount "73"]
[EventDate "2013.09.13"]
[Source "ICU web site"]
[URL "http://www.irlchess.com/cityofdublin2013_allfiles/games_cityofdublin2013/g20.htm"]

{ Event information: <a
href="http://www.irlchess.com/cityofdublin2013_allfiles/pairings_cityofdublin2013.html">Tournament
report</a>. }

1. e4 d5 2. exd5 Qxd5 3. Nc3 Qa5 4. Nf3 Nf6 5. h3 Bf5 6. Bc4 e6 7. O-O c6
8. d4 Bd6 9. Re1 O-O 10. Bd2 Qc7 11. Nh4 Nbd7 12. Nxf5 exf5 13. Qf3 g6 14.
Bb3 a6 15. Re2 b5 16. Rae1 Nb6 17. Bg5 Nbd7 18. g4 fxg4 19. hxg4 Kg7 20.
Qh3 Ng8 21. Kg2 h6 22. Rh1 Bf4 23. Bxf4 Qxf4 24. Re4 Qd6 25. g5 h5 26. Rhe1
a5 27. a4 b4 28. Nd1 c5 29. d5 Nb6 30. Qd3 Ra7 31. Re6 Qd8 32. R6e5 Re7 33.
f4 Qd6 34. Qe4 Rfe8 35. c3 Nd7 36. Nf2 Nxe5 37. fxe5 0-1

[Event "City of Dublin Masters 2013"]
[Site "Dublin IRL"]
[Date "2013.09.14"]
[Round "2"]
[White "Daly, Colm"]
[Black "Bourached, Anthony"]
[Result "1-0"]
[WhiteTitle "FM"]
[WhiteElo "2341"]
[BlackElo "1933"]
[WhiteICU "2298"]
[BlackICU "1998"]
[WhiteClub "Bray/Greystones"]
[BlackClub "T.C.D."]
[WhiteNationality "IRL"]
[BlackNationality "IRL"]
[WhiteFideId "2500434"]
[BlackFideId "2504456"]
[WhiteICUId "295"]
[BlackICUId "12061"]
[PlyCount "83"]
[EventDate "2013.09.13"]
[Source "ICU web site"]
[URL "http://www.irlchess.com/cityofdublin2013_allfiles/games_cityofdublin2013/g17.htm"]

{ Event information: <a
href="http://www.irlchess.com/cityofdublin2013_allfiles/pairings_cityofdublin2013.html">Tournament
report</a>. }

1. Nf3 c5 2. b3 Nc6 3. Bb2 Nf6 4. e3 e6 5. Bb5 Be7 6. O-O O-O 7. Bxc6 bxc6
8. d3 d6 9. Nbd2 Ne8 10. Qe2 Ba6 11. c4 Bf6 12. Bxf6 Nxf6 13. d4 cxd4 14.
exd4 Qa5 15. Qe3 d5 16. Rfc1 Rfc8 17. a3 Rab8 18. b4 Qd8 19. c5 Rc7 20. h3
Bc8 21. Nb3 Ne4 22. Na5 f6 23. Nd2 Nxd2 24. Qxd2 e5 25. Re1 Qe8 26. Re3 e4
27. f3 f5 28. fxe4 fxe4 29. Rf1 Qe6 30. Qf2 Ba6 31. Qg3 Rcc8 32. Rf2 Bb5
33. Rc3 Rf8 34. Qd6 Qxd6 35. cxd6 Rxf2 36. Kxf2 Rd8 37. a4 Bxa4 38. Nb7 Rd7
39. Nc5 Rf7+ 40. Ke3 Rf6 41. d7 Rd6 42. Ra3 1-0

[Event "City of Dublin Masters 2013"]
[Site "Dublin IRL"]
[Date "2013.09.14"]
[Round "2"]
[White "Delaney, John"]
[Black "Walsh, Paul"]
[Result "1-0"]
[WhiteTitle "FM"]
[WhiteElo "2248"]
[BlackElo "2127"]
[WhiteICU "2201"]
[BlackICU "2044"]
[WhiteClub "Blanchardstown Jrs."]
[BlackClub "Sarsfield"]
[WhiteNationality "IRL"]
[BlackNationality "IRL"]
[WhiteFideId "2500060"]
[BlackFideId "2501260"]
[WhiteICUId "318"]
[BlackICUId "3820"]
[PlyCount "59"]
[EventDate "2013.09.13"]
[Source "ICU web site"]
[URL "http://www.irlchess.com/cityofdublin2013_allfiles/games_cityofdublin2013/g15.htm"]

{ Event information: <a
href="http://www.irlchess.com/cityofdublin2013_allfiles/pairings_cityofdublin2013.html">Tournament
report</a>. }

1. c4 e6 2. Nf3 d5 3. b3 Nf6 4. g3 Be7 5. Bg2 O-O 6. O-O c5 7. d3 Nc6 8.
Nbd2 Bd7 9. a3 Qc7 10. Qc2 Rfd8 11. Re1 d4 12. e4 e5 13. Rb1 Rab8 14. Nh4
a6 15. Ndf3 Ne8 16. Qe2 b5 17. cxb5 axb5 18. Nf5 Bf8 19. h3 f6 20. N3h4 Be6
21. Rf1 c4 22. Qg4 Kh8 23. bxc4 bxc4 24. Rxb8 Rxb8 25. dxc4 Bxc4 26. Rd1
Qa7 27. Bf1 Be6 28. Qh5 Bxa3 29. Bxa3 Qxa3 30. Bb5 1-0

[Event "City of Dublin Masters 2013"]
[Site "Dublin IRL"]
[Date "2013.09.14"]
[Round "2"]
[White "Fitzsimons, David"]
[Black "Jackson, Carl"]
[Result "1-0"]
[WhiteTitle "FM"]
[WhiteElo "2341"]
[BlackElo "1905"]
[WhiteICU "2312"]
[BlackICU "1801"]
[WhiteClub "Elm Mount"]
[BlackClub "Gonzaga"]
[WhiteNationality "IRL"]
[BlackNationality "IRL"]
[WhiteFideId "2501961"]
[BlackFideId "2502585"]
[WhiteICUId "6236"]
[BlackICUId "4618"]
[PlyCount "51"]
[EventDate "2013.09.13"]
[Source "ICU web site"]
[URL "http://www.irlchess.com/cityofdublin2013_allfiles/games_cityofdublin2013/g16.htm"]

{ Event information: <a
href="http://www.irlchess.com/cityofdublin2013_allfiles/pairings_cityofdublin2013.html">Tournament
report</a>. }

1. e4 g6 2. d4 Bg7 3. Nf3 c5 4. dxc5 Qa5+ 5. c3 Nc6 6. Na3 Nf6 7. b4 Qc7 8.
Bd3 b6 9. cxb6 axb6 10. Nb5 Qb8 11. O-O O-O 12. Bg5 Ba6 13. Re1 Ng4 14. Qd2
Rd8 15. h3 Bxb5 16. Bxb5 Nge5 17. Nh2 Na7 18. Bf1 f6 19. Be3 Qc7 20. f4 Nf7
21. Nf3 d6 22. Nd4 Rdc8 23. Ba6 Rd8 24. Ne6 Qb8 25. Bc4 Kh8 26. Bd5 1-0

[Event "City of Dublin Masters 2013"]
[Site "Dublin IRL"]
[Date "2013.09.14"]
[Round "2"]
[White "Fox, Anthony"]
[Black "Hayes, Peter J."]
[Result "1/2-1/2"]
[WhiteElo "2096"]
[BlackElo "2022"]
[WhiteICU "2027"]
[BlackICU "1932"]
[WhiteClub "Dun Laoghaire"]
[BlackClub "Gonzaga"]
[WhiteNationality "IRL"]
[BlackNationality "IRL"]
[WhiteFideId "2500736"]
[BlackFideId "2502569"]
[WhiteICUId "456"]
[BlackICUId "4540"]
[PlyCount "124"]
[EventDate "2013.09.13"]
[Source "ICU web site"]
[URL "http://www.irlchess.com/cityofdublin2013_allfiles/games_cityofdublin2013/g19.htm"]

{ Event information: <a
href="http://www.irlchess.com/cityofdublin2013_allfiles/pairings_cityofdublin2013.html">Tournament
report</a>. }

1. e4 e6 2. Nc3 d5 3. Nf3 Nf6 4. e5 Nfd7 5. d4 c5 6. dxc5 Bxc5 7. Bd3 Nc6
8. Bf4 f6 9. exf6 Qxf6 10. Bg3 Nde5 11. Nxe5 Nxe5 12. Qh5+ Ng6 13. Bxg6+
Qxg6 14. Qxg6+ hxg6 15. Nb5 Bb6 16. O-O-O O-O 17. f3 Bd7 18. Nd4 Rac8 19.
Rhe1 Kf7 20. c3 Bd8 21. Be5 Bf6 22. Rd3 Rc4 23. b3 Rcc8 24. Kb2 Rh8 25. h3
Rh5 26. f4 Rh7 27. Rde3 Re8 28. Nf3 Rh5 29. g4 Rhh8 30. g5 Bd8 31. Bd6 Bb6
32. Ne5+ Kg8 33. Rd3 Bb5 34. c4 Ba6 35. Red1 Kh7 36. Rg3 Rc8 37. cxd5 exd5
38. Rxd5 Rhd8 39. f5 gxf5 40. g6+ Kg8 41. Nf7 Re8 42. Rg2 Re1 43. Bb4 Re4
44. Bc3 f4 45. Rh5 Kf8 46. Rh8+ Ke7 47. Rxc8 f3 48. Rg5 f2 49. Rf5 f1=Q 50.
Rxf1 Bxf1 51. Bxg7 Re6 52. Bf8+ Kf6 53. Nh8 Bd3 54. g7 Bh7 55. Rc1 Bd4+ 56.
Ka3 Ra6+ 57. Kb4 Rxa2 58. Rd1 Be5 59. Rf1+ Ke6 60. Nf7 a5+ 61. Kb5 Bd3+ 62.
Kb6 Bxg7 1/2-1/2

[Event "City of Dublin Masters 2013"]
[Site "Dublin IRL"]
[Date "2013.09.14"]
[Round "2"]
[White "Harding, Tim"]
[Black "Smith, Andrew Philip"]
[Result "0-1"]
[BlackTitle "FM"]
[WhiteElo "2118"]
[BlackElo "2111"]
[WhiteICU "1970"]
[WhiteClub "T.C.D."]
[BlackClub "Bourne End ENG"]
[WhiteNationality "IRL"]
[BlackNationality "IRL"]
[WhiteFideId "2500256"]
[BlackFideId "2500833"]
[WhiteICUId "541"]
[PlyCount "72"]
[EventDate "2013.09.13"]
[Source "ICU web site"]
[URL "http://www.irlchess.com/cityofdublin2013_allfiles/games_cityofdublin2013/g18.htm"]

{ Event information: <a
href="http://www.irlchess.com/cityofdublin2013_allfiles/pairings_cityofdublin2013.html">Tournament
report</a>. }

1. e4 c5 2. Nc3 Nc6 3. f4 e6 4. Nf3 a6 5. a4 d5 6. e5 d4 7. Ne4 f5 8. Nf2
Nge7 9. g3 b6 10. Bg2 Bb7 11. O-O Nd5 12. c4 Ndb4 13. d3 Be7 14. Bd2 a5 15.
Ne1 Qd7 16. Nc2 Nxc2 17. Qxc2 g5 18. Qd1 g4 19. Nxg4 h5 20. Nf6+ Bxf6 21.
exf6 O-O-O 22. Qe2 Rdf8 23. Rae1 Rxf6 24. Bf3 h4 25. g4 fxg4 26. Bxg4 Rg8
27. h3 Ne7 28. Kh2 Nf5 29. Qe5 Rfg6 30. b3 Bc6 31. Rf2 Kb7 32. Ree2 Ka6 33.
Re1 Bb7 34. Ree2 Nh6 35. Bxe6 Rxe6 36. Qxe6 Qg7 0-1

[Event "City of Dublin Masters 2013"]
[Site "Dublin IRL"]
[Date "2013.09.14"]
[Round "2"]
[White "Kalinins, Valentine"]
[Black "Collins, Sam"]
[Result "1/2-1/2"]
[BlackTitle "IM"]
[WhiteElo "2196"]
[BlackElo "2475"]
[WhiteICU "2207"]
[BlackICU "2430"]
[WhiteClub "Celbridge"]
[BlackClub "Gonzaga"]
[WhiteNationality "IRL"]
[BlackNationality "IRL"]
[WhiteFideId "2505894"]
[BlackFideId "2501198"]
[WhiteICUId "12860"]
[BlackICUId "4564"]
[PlyCount "125"]
[EventDate "2013.09.13"]
[Source "ICU web site"]
[URL "http://www.irlchess.com/cityofdublin2013_allfiles/games_cityofdublin2013/g14.htm"]

{ Other information: Video: <a
href="http://www.youtube.com/watch?v=wU2Kiu0Lz-0">4 minutes, 23
seconds</a>, including most of the startling finish (by Colm Daly). } {
Event information: <a
href="http://www.irlchess.com/cityofdublin2013_allfiles/pairings_cityofdublin2013.html">Tournament
report</a>. }

1. e4 e5 2. Nf3 Nc6 3. Bc4 Bc5 4. b4 d5 5. exd5 Nxb4 6. c3 Nxd5 7. Nxe5
Ngf6 8. d4 Be7 9. O-O O-O 10. Re1 c6 11. Qc2 Be6 12. Nd2 Rc8 13. Nb3 Rc7
14. Bg5 Qc8 15. Rad1 Bf5 16. Bd3 Bxd3 17. Qxd3 Ng4 18. Nf3 Bxg5 19. Nxg5
Ngf6 20. h3 Re8 21. Nf3 Rce7 22. Re5 Nf4 23. Qd2 Ng6 24. Rxe7 Rxe7 25. Nc5
Ne4 26. Nxe4 Rxe4 27. c4 Nf4 28. Re1 Qf5 29. Rxe4 Qxe4 30. Qa5 h6 31. Qxa7
Kh7 32. Qxb7 Qg6 33. Nh4 Qg5 34. g3 Nxh3+ 35. Kg2 Nf4+ 36. Kh2 Qg4 37. Qb1+
g6 38. Qe4 Qh3+ 39. Kg1 Ne6 40. a4 Ng5 41. Qxc6 Qg4 42. Qd5 Kg7 43. Qe5+
Kg8 44. a5 Qd1+ 45. Kg2 Qa4 46. Qb5 Qc2 47. Qe8+ Kg7 48. a6 Ne4 49. Qe5+
Kg8 50. Qf4 g5 51. Qf3 gxh4 52. a7 h3+ 53. Kh2 Nxf2 54. a8=Q+ Kg7 55. Qa1
h5 56. d5+ Kg8 57. Qxh5 Ng4+ 58. Kxh3 Qh2+ 59. Kxg4 f5+ 60. Qxf5 $4 (60.
Kg5 $18) 60... Qxg3+ 61. Kh5 Qh4+ 62. Kg6 Qh6+ 63. Kxh6 1/2-1/2